00514 a2200145 4500001001000000005001700010008004100027245009000068653003300158100002100191700003100212700002000243773008800263999001700351ART_4551020260410161731.0260409a 10aUn sistema de información basado en costos para la toma de decisiones sobre precios aResumen de tesis de posgrado1 aPerata, Antonela1 aFreitas, Henrique M. R. de1 aPesce, Gabriela0 tEscritos contables y de administracióng- Vol. 7, Nº 2 (jul./dic. 2006)wREV2758 c17827d17827